000 00332pab a2200145 454500
008 180718b1997 xxu||||| |||| 00| 0 eng d
100 _aPatel, A.R.
245 _aLand reforms: areas of serious concern
260 _c1997
300 _ap.5-6
362 _aJuly
650 _aLand reform
773 _aKurukshetra
909 _a34660
999 _c34660
_d34660